000 00465nam a2200181Ia 4500
001 22898
005 20260414150901.0
008 260414t2022||||xx |||||||||||||| ||spa||
041 _aESP
082 _a624.17
_bM96E
100 _aMuñoz Hidalgo, Manuel,
_eAUT
245 0 _aAnálisis de las causas que producen daños en la edificación
_b
260 _c2022
300 _a277 páginas :
_c24 cm.
650 _a0
654 _aCIC
942 _cLIB
_dJUS
_fJUS
_2ddc
_n
999 _c22898
_d22898